Cuéntame algo, aunque sea una mentira : las historias de la comadre Esperanza /
Uloženo v:
| Hlavní autor: | |
|---|---|
| Další autoři: | , , |
| Médium: | Elektronický zdroj E-kniha |
| Jazyk: | španělština angličtina |
| Vydáno: |
México, D.F. :
Fondo de Cultura Económica,
2013.
|
| Vydání: | Primera edición electrónica. |
| Edice: | Antropología (Fondo de Cultura Económica (Mexico))
|
| Témata: | |
| On-line přístup: | Digitalia Hispánica |
| Tagy: |
Přidat tag
Žádné tagy, Buďte první, kdo vytvoří štítek k tomuto záznamu!
|
MARC
| LEADER | 00000nam a2200000Ii 4500 | ||
|---|---|---|---|
| 001 | DIGFCE0016 | ||
| 003 | NyNyDIG | ||
| 007 | cr ||||||||||| | ||
| 008 | 220211t20132009mx ao ob 000 0 spa d | ||
| 006 | m o d | ||
| 035 | |a (OCoLC)1319851784 | ||
| 040 | |a DGITA |b eng |e rda |e pn |c DGITA | ||
| 020 | |a 9786071613356 |q eBook | ||
| 020 | |z 9786071600103 | ||
| 041 | 1 | |a spa |h eng | |
| 043 | |a n-mx--- | ||
| 050 | 1 | 4 | |a HQ1465.M63 ebook |
| 082 | 1 | 4 | |a 305.42097244 |
| 100 | 1 | |a Behar, Ruth, |d 1956- |e author. | |
| 240 | 1 | 0 | |a Translated woman. |l Spanish |s (Sánchez Ventura, Frye and Alonso Estenoz) |
| 245 | 1 | 0 | |a Cuéntame algo, aunque sea una mentira : |b las historias de la comadre Esperanza / |c Ruth Behar ; traducción de Mariano Sánchez-Ventura, David Frye y Alfredo Alonso Estenoz. |
| 250 | |a Primera edición electrónica. | ||
| 264 | 1 | |a México, D.F. : |b Fondo de Cultura Económica, |c 2013. | |
| 264 | 4 | |c ©2009 | |
| 300 | |a 1 online resource : |b illustrations, photographs. | ||
| 336 | |a text |b txt |2 rdacontent | ||
| 337 | |a computer |b c |2 rdamedia | ||
| 338 | |a online resource |b cr |2 rdacarrier | ||
| 347 | |a text file |2 rdaft | ||
| 347 | |b EPUB | ||
| 490 | 1 | |a Antropología | |
| 504 | |a Includes bibliographical references. | ||
| 588 | 0 | |a Online resource; title from ePub title page (Digitalia, viewed February 11, 2021) | |
| 650 | 0 | |a Rural women |z Mexico |z Mexquitic |x Social conditions |v Case studies. | |
| 600 | 1 | 0 | |a Hernández, Esperanza. |
| 650 | 0 | |a Ethnology |z Mexico |z Mexquitic. | |
| 651 | 0 | |a Mexquitic (Mexico) |x Rural conditions. | |
| 655 | 0 | |a Electronic books. | |
| 700 | 1 | |a Sánchez Ventura, Mariano, |e translator. | |
| 700 | 1 | |a Frye, David L., |e translator. | |
| 700 | 1 | |a Alonso Estenoz, Alfredo, |d 1971- |e translator. | |
| 700 | 1 | |i Translation of: |a Behar, Ruth, |d 1956- |t Translated woman. | |
| 791 | 2 | |a Digitalia (Firm), |e distributor. | |
| 793 | 0 | |g Digitalia eBook Collection: |a Fondo de Cultura Económica | |
| 776 | 0 | 8 | |i Print version: |a Behar, Ruth, 1956- |s Translated woman. Spanish (Sánchez Ventura, Frye and Alonso Estenoz). |t Cuéntame algo aunque sea una mentira. |b Primera edición. |d México, D.F. : Fondo de Cultura Económica, 2009 |z 9786071600103 |
| 830 | 0 | |a Antropología (Fondo de Cultura Económica (Mexico)) | |
| 856 | 4 | 0 | |3 Digitalia Hispánica |u https://digitalia.unach.elogim.com/a/43283/ |
| 910 | |a Premium collection: 2022 | ||